| 000 | 01342cam a2200313 a 4500 | ||
|---|---|---|---|
| 999 |
_c173217 _d173217 |
||
| 001 | 14005341 | ||
| 003 | Nust | ||
| 005 | 20170120091540.0 | ||
| 008 | 050616s2004 mauab 000 0 eng | ||
| 010 | _a 2004541502 | ||
| 020 | _a9780261102354 (pbk.) | ||
| 040 |
_aDLC _cDLC _dDLC |
||
| 050 | 0 | 0 |
_aPR6039.O32 _bL6 2004 pt. 1 |
| 082 | 0 | 0 |
_a823.912 _bTOL |
| 100 | 1 |
_aTolkien, J. R. R. _q(John Ronald Reuel), _d1892-1973. |
|
| 245 | 1 | 4 |
_aThe fellowship of the ring : _bbeing the first part of the lord of the rings / J.R.R. Tolkien. |
| 250 | _a50th anniversary ed. | ||
| 260 |
_aBoston : _bHoughton Mifflin, _c2004. |
||
| 300 |
_axxxvii, 531 p. : _bill., maps ; _c20 cm. |
||
| 490 | 1 | _aLord of the rings ; pt. 1 | |
| 600 | 1 | 0 |
_aBaggins, Frodo _vFiction. |
| 650 | 0 |
_aMiddle Earth (Imaginary place) _vFiction. |
|
| 655 | 7 |
_aAdventure fiction. _2gsafd |
|
| 655 | 7 |
_aFantasy fiction. _2gsafd |
|
| 800 | 1 |
_aTolkien, J. R. R. _q(John Ronald Reuel), _d1892-1973. _tLord of the rings. |
|
| 856 | 4 | 2 |
_3Publisher description _uhttp://www.loc.gov/catdir/enhancements/fy0621/2004541502-d.html |
| 856 | 4 | 2 |
_3Contributor biographical information _uhttp://www.loc.gov/catdir/enhancements/fy0736/2004541502-b.html |
| 906 |
_a7 _bcbc _corignew _d2 _encip _f20 _gy-gencatlg |
||
| 942 |
_2ddc _cBK |
||